000 00529nam a2200205Ia 4500
003 OSt
005 20230623112641.0
008 210423s1971 xx 000 0 und d
040 _cAL
041 _aeng
082 _a361.3
_223
_bIGNS
100 _aIGNOU
_9116099
245 _aSocial work profession and education
260 _bIgnou
_c1971
365 _b118
_cINR
650 _aSocial Problems & Services
_9116100
650 _aSocial Work
_9116101
906 _aeducation ; profession ; Social ; work
942 _2ddc
_cBK
999 _c175431
_d175431